Hitler y Alemania: documentos y comentarios
Salvato in:
| Autore principale: | |
|---|---|
| Natura: | Libro |
| Lingua: | spagnolo |
| Pubblicazione: |
Madrid
Akal
1994
|
| Serie: | Temas de Historia, 3
|
| Soggetti: | |
| Tags: |
Aggiungi Tag
Nessun Tag, puoi essere il primo ad aggiungerne!!
|
MARC
| LEADER | 00000nam a2200000 a 4500 | ||
|---|---|---|---|
| 001 | UCM4078 | ||
| 003 | CL-VaPUC | ||
| 008 | 020726e19940000SP |||||||||||||||||spa|d | ||
| 082 | 0 | 4 | |a 943.087 |b SIM |2 21 |
| 100 | 0 | |a Simpson, William |e author |9 470623 | |
| 245 | 1 | 0 | |a Hitler y Alemania: documentos y comentarios |
| 300 | |a 189 p | ||
| 942 | |c BK | ||
| 945 | |d 20020726 00:00:00 |a cmena | ||
| 260 | |a Madrid |b Akal |c 1994 | ||
| 600 | 0 | 7 | |a HITLER, ADOLF |2 CL-VaPUC |9 314510 |
| 650 | 7 | |a HISTORIA DE ALEMANIA SIGLO 20 |2 CL-VaPUC |9 358327 | |
| 650 | 0 | |a Nazismo |9 347078 | |
| 651 | 0 | |a Alemania |9 255688 | |
| 583 | |a last modification |c 20020726 00:00:00 |k Rodrigo Vera | ||
| 490 | 0 | |a Temas de Historia, 3 | |
| 999 | |c 300986 |d 300984 | ||
| 952 | |0 0 |1 0 |4 0 |6 943_087000000000000_SIM_1994 |7 0 |8 A |9 359485 |a BIBHIS |b BIBHIS |d 2019-11-21 |i 3829529 |l 1 |o 943.087 SIM 1994 |p 3829529 |r 2025-01-20 |s 2023-06-20 |w 2019-11-21 |y BK |k HIS | ||